| 000 | 00617nam a2200217Ia 4500 | ||
|---|---|---|---|
| 003 | BUBTL | ||
| 008 | 151213s9999 xx 000 0 und d | ||
| 082 | _a368.01 / C399e / 2004 | ||
| 100 |
_aChawdhury, Azizul Huq _94250 |
||
| 245 |
_aElements of Insurance _cAzizul Huq Chawdhury |
||
| 250 | _a1st | ||
| 260 |
_aDhaka _bBangladesh Insurance Accademy _c2004 |
||
| 300 |
_a186p . : _b22cm . _cFinance . |
||
| 500 | _aIncludes Index . | ||
| 650 | _aFinance | ||
| 650 |
_aFinance _94251 |
||
| 700 | _aAzizul Huq Chawdhury | ||
| 856 |
_k0 _l0 _yDownload |
||
| 942 |
_2ddc _cBK |
||
| 999 |
_c2289 _d2289 |
||